[Event "17PCR_F"]
[Site "?"]
[Date "2008.??.??"]
[Round "?"]
[White "Pirhala, Ladislav"]
[Black "Mezera, Lukas"]
[Result "1-0"]
[WhiteElo "2102"]
[BlackElo "2210"]
[PlyCount "75"]
[EventDate "2008.??.??"]

1. e4 e6 2. d4 d5 3. Nc3 Bb4 4. e5 c5 5. a3 Bxc3+ 6. bxc3 Qc7 7. Qg4 f5 8. Qh5+
g6 9. Qd1 Bd7 10. Nf3 Ba4 11. Be3 Nd7 12. Bd3 h6 13. O-O c4 14. Be2 g5 15. h4
g4 16. Ne1 O-O-O 17. g3 Ne7 18. Ng2 Rde8 19. Nf4 Nc6 20. Nh5 Kb8 21. Rb1 Ka8
22. Qd2 Reg8 23. Rb2 Qd8 24. Rfb1 b6 25. Bf1 Rh7 26. Bg2 Qe8 27. Nf4 h5 28.
Nxd5 exd5 29. Bxd5 Rg6 30. Re1 Nf8 31. Qe2 b5 32. Bh1 Rd7 33. Bf4 Qe6 34. Rb4
Rd8 35. Rxa4 bxa4 36. Rd1 Qe8 37. d5 Rgd6 38. e6 1-0

[Event "17PCR_F"]
[Site "?"]
[Date "2008.??.??"]
[Round "?"]
[White "Pirhala, Ladislav"]
[Black "Mindl, Josef"]
[Result "1-0"]
[WhiteElo "2102"]
[BlackElo "2148"]
[PlyCount "81"]
[EventDate "2008.??.??"]

1. e4 c5 2. Nf3 Nc6 3. d4 cxd4 4. Nxd4 Nf6 5. Nc3 e5 6. Ndb5 d6 7. Bg5 a6 8.
Na3 b5 9. Bxf6 gxf6 10. Nd5 Bg7 11. c3 f5 12. exf5 Bxf5 13. Nc2 O-O 14. Be2 Be6
15. O-O Nd4 16. Nce3 Nxe2+ 17. Qxe2 f5 18. f4 e4 19. a4 Bd7 20. axb5 Bxb5 21.
c4 Bd7 22. Ra3 a5 23. b3 Bd4 24. Kh1 Rf7 25. Qd1 Bb2 26. Ra2 Bg7 27. Qh5 Qb8
28. g4 Bc6 29. gxf5 Qf8 30. f6 Bxf6 31. Nxf6+ Rxf6 32. Rxa5 Rxa5 33. Qxa5 Qe7
34. b4 Rf7 35. f5 h6 36. Qb6 Bd7 37. b5 Bc8 38. Nd5 Qf8 39. f6 Kh7 40. Qd4 Qe8
41. Ne7 1-0

[Event "17PCR_F"]
[Site "?"]
[Date "2008.??.??"]
[Round "?"]
[White "Pirhala, Ladislav"]
[Black "Svoboda, Frantisek"]
[Result "0-1"]
[WhiteElo "2102"]
[BlackElo "2176"]
[PlyCount "164"]
[EventDate "2008.??.??"]

1. e4 e5 2. Nf3 Nc6 3. Bb5 Nf6 4. O-O Nxe4 5. d4 Be7 6. Qe2 Nd6 7. Bxc6 bxc6 8.
dxe5 Nf5 9. Qe4 g6 10. Re1 O-O 11. Nc3 Rb8 12. Rb1 Re8 13. Bd2 Bb7 14. b3 d5
15. Qd3 c5 16. Ne2 d4 17. Nf4 Ng7 18. h3 Qd7 19. Rbd1 Qf5 20. Nh2 Qxd3 21. Nxd3
h5 22. c4 Ne6 23. Ra1 Bc6 24. Nf1 Kg7 25. Ng3 Rb6 26. f3 Ra8 27. Ba5 Ra6 28.
Bd2 h4 29. Nh1 Rb8 30. Nhf2 Ra3 31. Bc1 Ra6 32. Ng4 g5 33. Bd2 Ra3 34. Ngf2 Kg6
35. Reb1 Kf5 36. Kf1 Rb6 37. Bc1 Raa6 38. Kg1 Ng7 39. Rb2 Ba8 40. Bd2 Nh5 41.
Rbb1 Rb8 42. Re1 Bf8 43. Nh1 Bb7 44. Nhf2 Be7 45. Kh2 Kg6 46. Ng4 Bc8 47. Kg1
Bf5 48. Ngf2 Ng3 49. Kh2 Re8 50. f4 gxf4 51. Nxf4+ Kh7 52. Nd5 Bd8 53. Ng4 Bxg4
54. hxg4 Rae6 55. Nf4 Rxe5 56. Nd3 Re2 57. Nxc5 Bf6 58. g5 Bg7 59. Rxe2 Rxe2
60. Bf4 Be5 61. Bxe5 Rxe5 62. Nd3 Re4 63. Ne1 Re2 64. Kh3 Ne4 65. Kxh4 Nf2 66.
Nf3 d3 67. Nd4 Rb2 68. Nf5 Ne4 69. Kg4 Rf2 70. Rh1+ Kg8 71. Ne3 d2 72. a4 a5
73. c5 Re2 74. Nc2 Rxg2+ 75. Kf3 Rh2 76. Rg1 Nxc5 77. Rd1 Rh3+ 78. Ke2 Ne4 79.
b4 Rg3 80. bxa5 Nc3+ 81. Kxd2 Nxd1 82. Kxd1 Rxg5 0-1

[Event "17PCR_F"]
[Site "?"]
[Date "2008.??.??"]
[Round "?"]
[White "Portych, Vaclav"]
[Black "Berko, Michal"]
[Result "1-0"]
[WhiteElo "2187"]
[BlackElo "2117"]
[PlyCount "105"]
[EventDate "2008.??.??"]

1. c4 e5 2. Nc3 Nf6 3. Nf3 Nc6 4. g3 d5 5. cxd5 Nxd5 6. Bg2 Nb6 7. O-O Be7 8.
a3 Be6 9. d3 f5 10. b4 a6 11. e4 O-O 12. Bb2 Qd7 13. exf5 Bxf5 14. Ne4 Bxe4 15.
dxe4 Qxd1 16. Raxd1 Nc4 17. Bc1 b5 18. Rd5 h6 19. Rfd1 Bd6 20. h4 Rf7 21. Nd2
Nb6 22. Rd3 a5 23. bxa5 Nxa5 24. Bh3 Kh8 25. Kg2 Rf6 26. h5 Nc6 27. Nf3 Ra4 28.
Rc3 Ne7 29. Re1 Nc4 30. Rd1 Ra8 31. Bd7 c6 32. Bh3 Kh7 33. Rdd3 Bc5 34. Rd7 Kh8
35. Bg4 Bd6 36. Rxc4 bxc4 37. Nxe5 Bxe5 38. Rxe7 Bd6 39. Rb7 c3 40. f4 Bc5 41.
Rc7 Bb6 42. Rd7 Rb8 43. Kf3 Ba5 44. Ke2 c2 45. Ra7 Rb1 46. Ra8+ Kh7 47. e5 Rxc1
48. exf6 gxf6 49. Kd3 Be1 50. Bf5+ Kg7 51. Be6 Bxg3 52. Rg8+ Kh7 53. Rxg3 1-0

[Event "17PCR_F"]
[Site "?"]
[Date "2008.??.??"]
[Round "?"]
[White "Portych, Vaclav"]
[Black "Brichacek, Milan"]
[Result "1-0"]
[WhiteElo "2187"]
[BlackElo "2215"]
[PlyCount "119"]
[EventDate "2008.??.??"]

1. c4 e5 2. Nc3 Nf6 3. Nf3 Nc6 4. g3 Bb4 5. Bg2 O-O 6. O-O d6 7. Nd5 Bc5 8. d3
Nxd5 9. cxd5 Nd4 10. Nxd4 Bxd4 11. e3 Bb6 12. b4 a5 13. bxa5 Bxa5 14. Bb2 Qe7
15. e4 Bd7 16. Qe2 Ra6 17. Rfb1 f5 18. Bc1 b5 19. exf5 Rxf5 20. Be4 Rf7 21. Rb3
Ra8 22. Be3 Qf6 23. Rab1 Raf8 24. Ra3 Bb6 25. Bxb6 cxb6 26. f3 Rc8 27. Qe3 g5
28. Ra7 Rc2 29. Rc1 Rxc1+ 30. Qxc1 Kg7 31. g4 b4 32. Qd2 b5 33. Qxb4 Qf4 34.
Qe1 Be8 35. Rxf7+ Bxf7 36. Kg2 h5 37. gxh5 Bxh5 38. Qf2 Qf6 39. Qc2 Be8 40. Qc8
Qe7 41. Qh3 Qf6 42. a3 Kf8 43. Qf5 Qxf5 44. Bxf5 Ke7 45. Kf2 Bf7 46. Be4 Kf6
47. Kg3 Bh5 48. Kf2 Bf7 49. Ke3 Bg8 50. d4 Bf7 51. Bd3 Bxd5 52. dxe5+ Kxe5 53.
Bxb5 Bb7 54. a4 d5 55. a5 d4+ 56. Kf2 Kf4 57. h3 Bxf3 58. a6 Be4 59. a7 Ke5 60.
Bf1 1-0

[Event "17PCR_F"]
[Site "?"]
[Date "2008.??.??"]
[Round "?"]
[White "Portych, Vaclav"]
[Black "Jerabek, Zdenek"]
[Result "1-0"]
[WhiteElo "2187"]
[BlackElo "2241"]
[PlyCount "31"]
[EventDate "2008.??.??"]

1. c4 e5 2. Nc3 Nc6 3. Nf3 g6 4. g3 Bg7 5. Bg2 d6 6. d3 Nge7 7. O-O Nd4 8. Bd2
O-O 9. b4 Bg4 10. e3 Nxf3+ 11. Bxf3 Bxf3 12. Qxf3 c6 13. Rac1 f5 14. b5 Qd7 15.
a4 Rf7 16. Qe2 1-0

[Event "17PCR_F"]
[Site "?"]
[Date "2008.??.??"]
[Round "?"]
[White "Portych, Vaclav"]
[Black "Mindl, Josef"]
[Result "1/2-1/2"]
[WhiteElo "2187"]
[BlackElo "2148"]
[PlyCount "59"]
[EventDate "2008.??.??"]

1. c4 e5 2. Nc3 Nc6 3. Nf3 Nf6 4. g3 Bb4 5. Bg2 O-O 6. O-O Bxc3 7. bxc3 Re8 8.
d3 e4 9. Nd4 exd3 10. exd3 d5 11. Nxc6 bxc6 12. Qa4 Bf5 13. Rd1 Bg4 14. f3 Bf5
15. Qxc6 d4 16. Bd2 Bxd3 17. Be1 Re6 18. Qa4 Qe8 19. Qxe8+ Raxe8 20. Bf2 Bxc4
21. Rxd4 Bd5 22. Ra4 a6 23. Rd1 h5 24. h4 Bb7 25. Rb1 Ba8 26. Ra5 Nd7 27. Rxh5
Ne5 28. Rf5 g6 29. Rf4 Nd3 30. Ra4 1/2-1/2

[Event "17PCR_F"]
[Site "?"]
[Date "2008.??.??"]
[Round "?"]
[White "Portych, Vaclav"]
[Black "Pirhala, Ladislav"]
[Result "1-0"]
[WhiteElo "2187"]
[BlackElo "2102"]
[PlyCount "91"]
[EventDate "2008.??.??"]

1. c4 Nf6 2. Nc3 e5 3. Nf3 Nc6 4. g3 d5 5. cxd5 Nxd5 6. Bg2 Nb6 7. O-O Be7 8.
a3 O-O 9. b4 Be6 10. d3 Nd4 11. Bb2 Nxf3+ 12. Bxf3 c6 13. Ne4 Nd7 14. Qc2 f5
15. Nd2 Rc8 16. Nc4 Qc7 17. Rac1 Bg5 18. e3 Bf6 19. Rfe1 Nb6 20. Na5 Kh8 21.
Rcd1 Qe7 22. Bg2 Bd5 23. e4 fxe4 24. Bxe4 Qf7 25. Rd2 Rfe8 26. Rde2 Re7 27. Re3
Rce8 28. Qe2 Kg8 29. h4 g6 30. Rf3 Qe6 31. Qc2 Rf8 32. Kg2 Rff7 33. Rfe3 Rc7
34. Kg1 Rc8 35. Bxd5 cxd5 36. Qd2 Nd7 37. Nxb7 Rcf8 38. Nc5 Nxc5 39. bxc5 Qa6
40. Qe2 Be7 41. Rxe5 Bxc5 42. d4 Qb7 43. Re8 Rxe8 44. Qxe8+ Bf8 45. Bc1 Qc6 46.
Qxc6 1-0

[Event "17PCR_F"]
[Site "?"]
[Date "2008.??.??"]
[Round "?"]
[White "Portych, Vaclav"]
[Black "Svoboda, Frantisek"]
[Result "1/2-1/2"]
[WhiteElo "2187"]
[BlackElo "2176"]
[PlyCount "63"]
[EventDate "2008.??.??"]

1. c4 Nf6 2. Nc3 e5 3. Nf3 Nc6 4. g3 Bc5 5. Bg2 d6 6. d3 h6 7. O-O O-O 8. a3 a5
9. e3 Re8 10. b3 Bf5 11. h3 Qd7 12. Kh2 Bb6 13. Bb2 Rac8 14. Rc1 Qd8 15. Qe2
Nd7 16. Nh4 Bh7 17. Ne4 f5 18. Nc3 Nc5 19. Rb1 Nxb3 20. Bd5+ Kh8 21. Na4 Nc5
22. Nxb6 cxb6 23. f4 Ne7 24. Bf3 Qc7 25. Qc2 Bg8 26. Rfd1 Red8 27. Qg2 Rd7 28.
g4 Bh7 29. gxf5 Nxf5 30. Nxf5 Bxf5 31. e4 Be6 32. f5 1/2-1/2

[Event "17PCR_F"]
[Site "?"]
[Date "2008.??.??"]
[Round "?"]
[White "Svoboda, Frantisek"]
[Black "Bednarik, Radovan"]
[Result "1-0"]
[WhiteElo "2176"]
[BlackElo "2112"]
[PlyCount "59"]
[EventDate "2008.??.??"]

1. e4 c5 2. Nf3 e6 3. d4 cxd4 4. Nxd4 a6 5. Bd3 Nf6 6. O-O Qc7 7. Qe2 d6 8. Nc3
Be7 9. f4 Nbd7 10. Be3 O-O 11. g4 Nc5 12. g5 Nfd7 13. f5 Kh8 14. Qh5 Ne5 15.
Rf4 Re8 16. Raf1 Ncxd3 17. Rh4 h6 18. cxd3 Qd8 19. f6 Bf8 20. fxg7+ Bxg7 21.
Nf3 Ng6 22. gxh6 Bf6 23. Ng5 Qe7 24. Rh3 Rg8 25. Kh1 Bxg5 26. Bxg5 Qf8 27. Bf6+
Kh7 28. Bg7 Qe8 29. Rhf3 Rxg7 30. e5 1-0

[Event "17PCR_F"]
[Site "?"]
[Date "2008.??.??"]
[Round "?"]
[White "Svoboda, Frantisek"]
[Black "Cvak, Rudolf"]
[Result "1-0"]
[WhiteElo "2176"]
[BlackElo "2264"]
[PlyCount "157"]
[EventDate "2008.??.??"]

1. e4 c5 2. Nf3 Nc6 3. Nc3 Nf6 4. d4 cxd4 5. Nxd4 e5 6. Ndb5 d6 7. Bg5 a6 8.
Na3 b5 9. Bxf6 gxf6 10. Nd5 f5 11. c3 Bg7 12. exf5 Bxf5 13. Nc2 O-O 14. Nce3
Be6 15. Bd3 f5 16. O-O Rb8 17. Qh5 Qd7 18. g4 e4 19. Bc2 Rbe8 20. Rad1 Kh8 21.
gxf5 Bxf5 22. f3 Bg6 23. Qh4 Ne5 24. f4 Nd3 25. Rd2 b4 26. Kh1 Bf5 27. Rg1 bxc3
28. Rdg2 Qd8 29. Qg3 Bg6 30. bxc3 Rg8 31. Qh3 Bf7 32. Bxd3 exd3 33. Qf5 Ref8
34. Qxd3 Qd7 35. c4 Bh5 36. Rg5 Bf3+ 37. Ng2 Bxd5 38. Rxd5 Qb7 39. Rb1 Qa8 40.
Rb6 Rf7 41. Rbxd6 Bf6 42. Qe4 Qb7 43. Re6 Qb2 44. Qe2 Qc3 45. Re3 Qb4 46. Rg3
Re7 47. Qc2 Rge8 48. h4 Re4 49. c5 Qc4 50. Qb3 Qxb3 51. axb3 Rc8 52. Re3 Rd4
53. Rf5 Rd1+ 54. Re1 Rxe1+ 55. Nxe1 Bxh4 56. Nd3 Kg7 57. Kg2 Rd8 58. Nb4 a5 59.
Nc6 Ra8 60. Kf3 a4 61. bxa4 Rxa4 62. Ne5 Bf6 63. Ke3 h6 64. Kd3 h5 65. c6 Ra7
66. Kc4 h4 67. Kd5 Bd8 68. Rh5 Ra4 69. f5 Ra1 70. Ng4 Rd1+ 71. Ke6 Rc1 72. Kd7
Rd1+ 73. Ke8 Bf6 74. c7 Re1+ 75. Kd7 Rd1+ 76. Kc8 Rg1 77. Nxf6 Kxf6 78. Rxh4
Kxf5 79. Rb4 1-0

[Event "17PCR_F"]
[Site "?"]
[Date "2008.??.??"]
[Round "?"]
[White "Svoboda, Frantisek"]
[Black "Glaser, Karel"]
[Result "1/2-1/2"]
[WhiteElo "2176"]
[BlackElo "2161"]
[PlyCount "110"]
[EventDate "2008.??.??"]

1. e4 e5 2. Nf3 Nc6 3. Bc4 Bc5 4. b4 Bxb4 5. c3 Ba5 6. d4 d6 7. Qb3 Qd7 8. dxe5
Bb6 9. Nbd2 dxe5 10. Bb5 f6 11. O-O a6 12. Be2 Na5 13. Qc2 Qf7 14. c4 Ne7 15.
c5 Ba7 16. Nc4 Nac6 17. Be3 O-O 18. Rfd1 Ng6 19. g3 Qe7 20. h4 Re8 21. h5 Nf8
22. Ncd2 Rd8 23. Nb3 Be6 24. Qc3 Bf7 25. h6 g6 26. a4 Kh8 27. Rab1 Rxd1+ 28.
Rxd1 Rb8 29. Bc4 Bxc4 30. Qxc4 Ne6 31. Qc3 Rd8 32. Rd5 Kg8 33. Nc1 Re8 34. Nb3
Qf7 35. Na5 Ned4 36. Kg2 Nxa5 37. Qxa5 c6 38. Rd6 Bb8 39. Rd8 Ne6 40. Rd1 Re7
41. Qd2 Ba7 42. Rc1 Rd7 43. Qc2 Qe7 44. a5 Kf7 45. Qc4 Qd8 46. Qa2 Ke7 47. Nd2
f5 48. exf5 gxf5 49. Qb1 e4 50. Nc4 Bb8 51. Re1 Qg8 52. Kf1 Qf8 53. Nb6 Rd8 54.
Nc4 f4 55. gxf4 Qf5 1/2-1/2

[Event "17PCR_F"]
[Site "?"]
[Date "2008.??.??"]
[Round "?"]
[White "Svoboda, Frantisek"]
[Black "Koukal, Vladimir"]
[Result "1/2-1/2"]
[WhiteElo "2176"]
[BlackElo "2220"]
[PlyCount "89"]
[EventDate "2008.??.??"]

1. e4 e5 2. Nf3 Nc6 3. Bb5 a6 4. Ba4 Nf6 5. O-O Be7 6. Re1 b5 7. Bb3 d6 8. c3
O-O 9. a4 b4 10. h3 Rb8 11. d4 bxc3 12. bxc3 exd4 13. cxd4 d5 14. Nbd2 Bb4 15.
e5 Nh5 16. Re3 Nf4 17. Nf1 Bf5 18. Ng3 Bg6 19. Bc2 Ne6 20. Bxg6 fxg6 21. Rb3
Qe7 22. Rd3 Na5 23. Rb1 Nc4 24. Nf1 a5 25. Ne3 Qd7 26. Ra1 Ra8 27. Ra2 Rfc8 28.
h4 Rf8 29. Qc2 Ra6 30. Rd1 Be7 31. Qc3 Rc6 32. Qe1 Bb4 33. Qe2 Nf4 34. Qf1 Nh3+
35. Kh2 h6 36. g3 Nxe3 37. Bxe3 Qg4 38. Qxh3 Qxf3 39. Raa1 Bc3 40. Rac1 Rc4 41.
Qf1 Kh7 42. Qg2 Qf7 43. Qf1 c5 44. dxc5 d4 45. Rxd4 1/2-1/2

[Event "17PCR_F"]
[Site "?"]
[Date "2008.??.??"]
[Round "?"]
[White "Svoboda, Frantisek"]
[Black "Kyhos, Alois"]
[Result "1/2-1/2"]
[WhiteElo "2176"]
[BlackElo "2121"]
[PlyCount "61"]
[EventDate "2008.??.??"]

1. e4 e5 2. Nf3 Nc6 3. Bc4 Nf6 4. Ng5 d5 5. exd5 Na5 6. Bb5+ c6 7. dxc6 bxc6 8.
Be2 h6 9. Nf3 e4 10. Ne5 Bd6 11. d4 exd3 12. Nxd3 Qc7 13. b3 O-O 14. Bb2 Ne4
15. Nc3 f5 16. h3 Ba6 17. O-O Rad8 18. Qe1 Rfe8 19. Nxe4 Rxe4 20. Qd2 c5 21. c4
Nc6 22. Bc3 Nd4 23. Bd1 Rd7 24. f3 Ree7 25. f4 Re4 26. Bh5 Ne6 27. g3 Bb7 28.
Rae1 g5 29. h4 gxf4 30. Bf3 Bf8 31. Qc2 1/2-1/2

[Event "17PCR_F"]
[Site "?"]
[Date "2008.??.??"]
[Round "?"]
[White "Svoboda, Frantisek"]
[Black "Mezera, Lukas"]
[Result "1-0"]
[WhiteElo "2176"]
[BlackElo "2210"]
[PlyCount "80"]
[EventDate "2008.??.??"]

1. e4 e6 2. d4 d5 3. e5 c5 4. c3 Qb6 5. Nf3 Bd7 6. Bd3 cxd4 7. Nxd4 Ne7 8. O-O
Nbc6 9. Nf3 Ng6 10. Qe2 Qc7 11. Re1 Be7 12. Na3 a6 13. Nc2 O-O 14. Ncd4 Nxd4
15. cxd4 Rfc8 16. g3 Qb6 17. a4 Bb4 18. Bd2 a5 19. Qd1 Bxd2 20. Qxd2 Rc7 21.
Kg2 Ne7 22. Reb1 Rac8 23. b4 Nc6 24. b5 Ne7 25. Rc1 Be8 26. h4 Rxc1 27. Rxc1
Rxc1 28. Qxc1 Qd8 29. h5 h6 30. g4 Kh8 31. Bb1 Ng8 32. Qc5 b6 33. Qd6 Bd7 34.
Qa3 Be8 35. Kg3 Qc7 36. Qd6 Qc4 37. Qb8 Bxb5 38. axb5 Qb3 39. Qxb6 Qxb1 40. Qa6
f5 {...cerny prekrocil casovy limit kdyz na 40 tahu spotreboval 162 dni..} 1-0